[Event "CAN-op"]
[Site "Ottawa CAN"]
[Date "2007.07.11"]
[Round "6"]
[White "Trinh, Tri Bao"]
[Black "Panjwani, Raja"]
[Result "0-1"]
[WhiteElo "2063"]
[BlackElo "2311"]
[PlyCount "110"]
[EventDate "2007.07.07"]
[EventType "swiss"]
[EventRounds "10"]
[EventCountry "CAN"]

1. c4 g6 2. Nf3 Bg7 3. g3 d6 4. Bg2 Nf6 5. O-O O-O 6. Nc3 e5 7. d3 Nc6 8. Bg5
h6 9. Bxf6 Bxf6 10. Rb1 a5 11. a3 Re8 12. b4 axb4 13. axb4 Bg7 14. b5 Nd4 15.
e3 Ra3 16. Nd5 Ne6 17. Qc1 Ra2 18. Nc3 Ra8 19. Qc2 Nc5 20. Nd2 Bd7 21. Nde4
Nxe4 22. Bxe4 c6 23. bxc6 bxc6 24. Rb7 Rb8 25. Rfb1 Rxb7 26. Rxb7 Qc8 27. Qb3
f5 28. Bg2 e4 29. d4 c5 30. Ne2 Bc6 31. Rb6 Qa8 32. Qb1 Qa4 33. Bf1 cxd4 34.
Nxd4 Bxd4 35. exd4 Rd8 36. d5 Ba8 37. Qb2 Kf7 38. Qd4 Qa3 39. Rb1 Re8 40. Ra1
Qb4 41. Qa7+ Bb7 42. Ra6 Re7 43. Rb6 Qc5 44. Be2 e3 45. f3 g5 46. h3 f4 47.
gxf4 gxf4 48. Kg2 Rc7 49. h4 h5 50. Bd3 e2 51. Bxe2 Re7 52. Bd3 Bxd5 53. Qa6
Bxf3+ 54. Kxf3 Qe3+ 55. Kg2 Qf3+ 0-1

[Event "CAN-op"]
[Site "Ottawa CAN"]
[Date "2007.07.12"]
[Round "7"]
[White "Panjwani, Raja"]
[Black "Raymer, Evan"]
[Result "1-0"]
[WhiteElo "2311"]
[BlackElo "1935"]
[PlyCount "85"]
[EventDate "2007.07.07"]
[EventType "swiss"]
[EventRounds "10"]
[EventCountry "CAN"]

1. e4 c5 2. Nf3 d6 3. d4 cxd4 4. Nxd4 Nf6 5. Nc3 a6 6. Bc4 b5 7. Bb3 e6 8. O-O
Be7 9. Qf3 Qb6 10. Rd1 O-O 11. Qe3 Bb7 12. Nf5 Qc7 13. Nxe7+ Qxe7 14. Qd4 Rd8
15. e5 Nd5 16. Nxd5 Bxd5 17. Bxd5 dxe5 18. Qxe5 Rxd5 19. Rxd5 Nc6 20. Qc3 exd5
21. Bf4 Rc8 22. Rd1 d4 23. Qd2 Nb4 24. Qxd4 Re8 25. h3 Nxc2 26. Qd6 Qe4 27. Bg3
Qe2 28. Kh2 Ne1 29. Rd2 Qc4 30. f3 h6 31. Qxa6 Re2 32. Qa8+ Kh7 33. Rxe2 Qxe2
34. Bxe1 Qxe1 35. Qe4+ Qxe4 36. fxe4 Kg6 37. Kg3 Kf6 38. Kf4 g5+ 39. Ke3 Ke5
40. g4 f6 41. a3 Ke6 42. Kd4 Kd6 43. b3 1-0

[Event "CAN-op"]
[Site "Ottawa CAN"]
[Date "2007.07.13"]
[Round "8"]
[White "Panjwani, Raja"]
[Black "Howell, David"]
[Result "0-1"]
[WhiteElo "2311"]
[BlackElo "2519"]
[PlyCount "68"]
[EventDate "2007.07.07"]
[EventType "swiss"]
[EventRounds "10"]
[EventCountry "CAN"]

1. e4 e5 2. Nf3 Nc6 3. Bb5 g6 4. O-O Bg7 5. c3 a6 6. Ba4 d6 7. h3 Nf6 8. Re1
O-O 9. d3 Re8 10. Bb3 Be6 11. Bxe6 Rxe6 12. Bg5 h6 13. Bxf6 Qxf6 14. Nbd2 Rae8
15. Qb3 Nd8 16. Nc4 Qe7 17. Ne3 Kh8 18. h4 c6 19. h5 Rf8 20. g3 f5 21. exf5
gxf5 22. Nh4 f4 23. Neg2 f3 24. Ne3 Qg5 25. Ng6+ Rxg6 26. hxg6 d5 27. Qb4 Qxg6
28. Qh4 Qxd3 29. Ng4 Qf5 30. Nxh6 Bxh6 31. Qxh6+ Kg8 32. Re3 Nf7 33. Qh4 e4 34.
Kh2 Kg7 0-1

[Event "CAN-op"]
[Site "Ottawa CAN"]
[Date "2007.07.14"]
[Round "9"]
[White "Semyonov, Vladimir"]
[Black "Panjwani, Raja"]
[Result "0-1"]
[WhiteElo "2178"]
[BlackElo "2311"]
[PlyCount "82"]
[EventDate "2007.07.07"]
[EventType "swiss"]
[EventRounds "10"]
[EventCountry "CAN"]

1. c4 b6 2. Nc3 Bb7 3. d4 Nf6 4. Bg5 e6 5. a3 h6 6. Bh4 Be7 7. e3 d6 8. Nf3 Ne4
9. Bxe7 Qxe7 10. Nxe4 Bxe4 11. Bd3 Bb7 12. Qe2 e5 13. e4 c5 14. d5 Bc8 15. h3
O-O 16. O-O-O f5 17. Kb1 f4 18. g4 g6 19. b3 Bd7 20. Ka2 Na6 21. Rdg1 Rfb8 22.
Nd2 Nc7 23. f3 b5 24. h4 a5 25. h5 g5 26. Bc2 a4 27. bxa4 b4 28. Rb1 Qe8 29.
Qd3 Bxa4 30. Bxa4 Rxa4 31. Rb3 Qc8 32. Nb1 Qa6 33. Rc1 Na8 34. Rc2 Rb7 35. Rcb2
Kf8 36. Nd2 Nb6 37. Rc2 Ke8 38. Rcb2 Kd8 39. Rc2 Kc8 40. Rcb2 Ra7 41. Nb1 Nxc4
0-1

[Event "CAN-op"]
[Site "Ottawa CAN"]
[Date "2007.07.15"]
[Round "10"]
[White "Rychagov, Andrey"]
[Black "Panjwani, Raja"]
[Result "1-0"]
[WhiteElo "2557"]
[BlackElo "2311"]
[PlyCount "73"]
[EventDate "2007.07.07"]
[EventType "swiss"]
[EventRounds "10"]
[EventCountry "CAN"]

1. d4 Nf6 2. c4 g6 3. Nf3 Bg7 4. g3 O-O 5. Bg2 d6 6. O-O c5 7. Nc3 Nc6 8. d5
Na5 9. Nd2 e5 10. Qc2 Ng4 11. h3 Nh6 12. b3 f5 13. e3 Bd7 14. Bb2 a6 15. Rae1
b5 16. Ne2 b4 17. e4 Qc7 18. f4 Rae8 19. fxe5 Bxe5 20. Nf4 Bxb2 21. Qxb2 Nf7
22. exf5 Rxe1 23. Rxe1 Bxf5 24. Nf3 Nd8 25. Ng5 Qg7 26. Qe2 Qc3 27. Kh2 Nf7 28.
Nge6 Re8 29. g4 g5 30. Nh5 Bg6 31. Qf2 Bxh5 32. gxh5 g4 33. Re3 Qa1 34. Qf5 Qb2
35. Qxg4+ Kh8 36. Ng5 Ne5 37. Nf7+ 1-0

[Event "Chicago op"]
[Site "Oak Brook USA"]
[Date "2007.05.28"]
[Round "6"]
[White "Panjwani, Raja"]
[Black "Fishbein, Alexander"]
[Result "1/2-1/2"]
[WhiteElo "2272"]
[BlackElo "2529"]
[PlyCount "87"]
[EventDate "2007.05.25"]
[EventType "swiss"]
[EventRounds "7"]
[EventCountry "USA"]
[Source "Mark Crowther"]
[SourceDate "2007.06.04"]

1. e4 c5 2. Nf3 d6 3. d4 cxd4 4. Nxd4 Nf6 5. f3 e6 6. c4 Be7 7. Nc3 O-O 8. Be2
b6 9. O-O Bb7 10. Be3 Nbd7 11. a4 Ne5 12. f4 Ned7 13. Bf3 Qc7 14. Rc1 Rac8 15.
g4 Nc5 16. Qc2 Qb8 17. g5 Nfd7 18. Qg2 Rfe8 19. Rcd1 Bf8 20. f5 Ne5 21. g6 hxg6
22. fxg6 fxg6 23. Bf4 Rcd8 24. Bxe5 dxe5 25. Qxg6 exd4 26. Bh5 Qe5 27. Rf3 Re7
28. Qf7+ Kh8 29. Rh3 Qg5+ 30. Bg4+ Qh6 31. Rxh6+ gxh6 32. Qf6+ Kh7 33. Rxd4
Rxd4 34. Qxd4 Rg7 35. h3 h5 36. Qf6 Be7 37. Qe5 hxg4 38. Qh5+ Kg8 39. Qe8+ Bf8
40. b4 gxh3+ 41. Kh2 Nd7 42. Qxe6+ Kh8 43. Nd5 Bxd5 44. cxd5 1/2-1/2

[Event "US Masters"]
[Site "Hendersonville USA"]
[Date "2007.03.14"]
[Round "1"]
[White "Panjwani, Raja"]
[Black "Nagle, Sean"]
[Result "0-1"]
[WhiteElo "2213"]
[BlackElo "2432"]
[PlyCount "58"]
[EventDate "2007.03.10"]
[EventType "swiss"]
[EventRounds "9"]
[EventCountry "USA"]
[Source "ChessBase"]
[SourceDate "2011.11.26"]

{B72: Sicilian Dragon: 6 Be3, lines with h3+Bc4 and sidelines} 1. e4 c5 2. Nf3
d6 3. d4 Nf6 4. Nc3 cxd4 5. Nxd4 g6 6. Be3 a6 7. f3 {last book move} b5 8. Qd2
Bb7 9. g4 (9. Bd3 $5 $16) 9... h6 $14 {Controls g5} 10. a4 (10. a3 $5 $14 {
is worthy of consideration}) 10... b4 $15 11. Na2 e5 12. Nb3 {
The white knight is safe in front of b4} d5 {
Black threatens to win material: d5xe4} 13. Bc5 (13. Bg2 Nc6 $15) 13... Qc7 (
13... dxe4 14. Bxf8 Rxf8 15. Qxb4 $15) 14. Bxf8 $15 Kxf8 {
Black loses the right to castle} 15. Qxb4+ Kg7 16. Nc5 (16. Bd3 Nbd7 17. Nc3
dxe4 18. fxe4 Nxg4 $14) 16... Bc8 17. Qc3 Nc6 18. Nb4 {
White threatens to win material: Nb4xd5} Nxb4 19. Ne6+ {Theme: Double Attack}
Bxe6 (19... fxe6 20. Qxc7+) 20. Qxc7 Rac8 21. Qxe5 Nxc2+ 22. Kf2 Nxa1 23. h4 (
23. b4 Nc2 24. exd5 Bxd5 $19) 23... Nb3 24. Rg1 $2 (24. g5 $142 hxg5 25. hxg5
Rxh1 26. exd5 Rc2+ 27. Ke3 Rxf1 28. Qxf6+ Kg8 29. dxe6 Re1+ 30. Kf4 Rxe6 31.
Qd8+ Kh7 32. Qd3 Rxb2 33. Qc3 $17) 24... Rc2+ $19 25. Kg3 Bxg4 $1 {
Clearance to allow e8-e4} 26. Rg2 (26. fxg4 Re8) 26... Re8 27. Qd6 (27. Qxe8 {
the last chance for counterplay} Rxg2+ 28. Bxg2 Nxe8 29. fxg4 $19) 27... Bxf3
$1 {an unpleasant surprise} 28. Qb4 (28. Kxf3 {Decoy theme: f3} Nd4+) 28...
Bxg2 29. Qxb3 Bxe4 (29... Bxe4 30. Qxc2 Bxc2 31. Bxa6 Re3+ 32. Kf2 d4 33. Kf1
d3 34. h5 d2 35. Be2 Rxe2 36. Kxe2 d1=Q+ 37. Kf2 Ng4+ 38. Kg3 Qg1+ 39. Kh3 Nf2+
40. Kh4 Qg5#) 0-1

[Event "US Masters"]
[Site "Hendersonville USA"]
[Date "2007.03.13"]
[Round "2"]
[White "Kidd, Jeffrey"]
[Black "Panjwani, Raja"]
[Result "0-1"]
[WhiteElo "2151"]
[BlackElo "2213"]
[PlyCount "82"]
[EventDate "2007.03.10"]
[EventType "swiss"]
[EventRounds "9"]
[EventCountry "USA"]
[Source "ChessBase"]
[SourceDate "2011.11.26"]

{C67: Ruy Lopez: Berlin Defence: 4 0-0 Nxe4} 1. e4 e5 2. Nf3 Nc6 3. Bb5 Nf6 4.
O-O Nxe4 5. Re1 Nd6 6. Nxe5 Be7 7. Nc3 Nxb5 {last book move} 8. Nxb5 Nxe5 9.
Rxe5 {Black has the pair of bishops} O-O 10. d4 d6 11. Re1 c6 {
Black threatens to win material: c6xb5} 12. Nc3 Bf5 13. Ne2 Re8 14. b3 Bf6 15.
c3 Qd7 16. Ng3 Rxe1+ 17. Qxe1 Re8 18. Be3 Bg5 19. Nf1 Bd3 20. Qd2 Bxf1 21. Rxf1
Bxe3 22. fxe3 d5 {White has a new backward pawn: e3} 23. Rf4 Qe6 24. Kf2 f5 25.
Qd3 g6 26. Ke2 a5 27. h3 Qd6 {Black threatens to win material: Qd6xf4} 28. Kf2
Kg7 29. g3 Re4 30. Rxe4 (30. c4 b6 $15) 30... fxe4 $17 {
A queen endgame occured.} 31. Qe2 h5 32. Kg2 b5 33. h4 Qf8 34. Qd1 b4 {
Black gains space} 35. c4 $4 {further deteriorates the position} (35. cxb4 $142
axb4 36. Qc1 $15) 35... dxc4 $19 36. Qc2 (36. bxc4 {
a last effort to resist the inevitable} Qf3+ 37. Qxf3 exf3+ 38. Kxf3 $19) 36...
Qf3+ 37. Kh2 c3 38. a3 Qxe3 39. Kh3 Qf3 40. Kh2 Qd3 (40... e3 41. Kg1 e2 42.
Qc1 Qxg3+ 43. Kh1 e1=Q+ 44. Qxe1 Qxe1+ 45. Kg2 c2 46. d5 c1=Q 47. axb4 Qh1+ 48.
Kg3 Qe3#) 41. Qc1 Qd2+ (41... Qd2+ 42. Qxd2 cxd2 43. g4 d1=Q 44. gxh5 gxh5 45.
d5 bxa3 46. d6 a2 47. d7 Qe2+ 48. Kg3 Qg4+ 49. Kf2 Qf3+ 50. Ke1 a1=Q+ 51. Kd2
Qac3#) 0-1

[Event "US Masters"]
[Site "Hendersonville USA"]
[Date "2007.03.15"]
[Round "4"]
[White "Haessel, Dale"]
[Black "Panjwani, Raja"]
[Result "1/2-1/2"]
[WhiteElo "2162"]
[BlackElo "2213"]
[PlyCount "86"]
[EventDate "2007.03.10"]
[EventType "swiss"]
[EventRounds "9"]
[EventCountry "USA"]
[Source "ChessBase"]
[SourceDate "2011.11.26"]

{E65: King's Indian: Fianchetto: 6...c5 7 0-0 without d5 by White} 1. d4 Nf6 2.
c4 g6 3. g3 Bg7 4. Bg2 O-O 5. Nc3 d6 6. Nf3 c5 7. O-O Nc6 8. dxc5 dxc5 9. Be3
Qa5 10. Qb3 Ng4 {last book move} 11. Bd2 Nd4 12. Nxd4 cxd4 13. Qb5 {
White threatens to win material: Qb5xa5} Qd8 14. Nd5 e6 {
Black threatens to win material: e6xd5} 15. Nf4 Rb8 16. Rad1 (16. Ba5 Bd7 17.
Bxd8 Bxb5 $14) 16... Qd7 (16... Bd7 $5 {is an interesting idea} 17. Qb3 Qc7 $11
) 17. Nd3 $14 Qxb5 18. cxb5 {White has new doubled pawns: b2+b5.} Bd7 19. a4
Rfc8 20. Bb4 Bf8 21. Bxf8 Kxf8 22. h3 Nf6 23. Ne5 Be8 24. Rxd4 Rc2 25. e3 a6
26. b4 axb5 (26... Ra2 27. Nd3 $16) 27. a5 Ke7 28. Rfd1 h5 29. Rd6 (29. g4 $5
$18) 29... Nd5 $16 30. Bxd5 Kxd6 31. Be4+ Kxe5 32. Bxc2 Rc8 33. f4+ Kf6 34. Be4
Bc6 35. Rc1 Rd8 (35... Bd7 $5 36. Rxc8 Bxc8 $16) 36. Bxc6 $18 bxc6 37. Rxc6
Rd1+ 38. Kf2 Rb1 39. Rc2 Rxb4 40. Rc5 (40. Ra2 $142 $5 Rc4 41. a6 $18) 40...
Ke7 (40... Rb2+ 41. Kf3 $14) 41. a6 (41. Rc7+ $142 $5 Kd6 42. Rxf7 $16) 41...
Kd6 $11 42. a7 Ra4 {Black threatens to win material: Ra4xa7} 43. Rxb5 Rxa7
1/2-1/2

[Event "US Masters"]
[Site "Hendersonville USA"]
[Date "2007.03.16"]
[Round "5"]
[White "Panjwani, Raja"]
[Black "Harris, Neal"]
[Result "1-0"]
[WhiteElo "2213"]
[BlackElo "2215"]
[PlyCount "23"]
[EventDate "2007.03.10"]
[EventType "swiss"]
[EventRounds "9"]
[EventCountry "USA"]
[Source "ChessBase"]
[SourceDate "2011.11.26"]

{B30: Sicilian: 2...Nc6 3 Bb5, lines without ...g6} 1. e4 c5 2. Nc3 Nc6 3. Nf3
Nf6 4. Bb5 Qc7 5. O-O a6 6. Bxc6 dxc6 7. e5 Nd5 8. Ne4 {last book move} b6 9.
c4 Nb4 (9... Nf4 10. d4 Ng6 $18) 10. Qe2 (10. d4 $142 Be6 11. a3 $18) 10... Bf5
$4 (10... Qd7 $142 {would bring relief} 11. Ne1 a5 $14) 11. Nd6+ $1 $18 {
Theme: Double Attack} Kd7 (11... exd6 12. exd6+ {A double attack}) 12. Nxf5 (
12. Nxf5 Kc8 13. d4 cxd4 14. N5xd4 $18) 1-0

[Event "US Masters"]
[Site "Hendersonville USA"]
[Date "2007.03.17"]
[Round "6"]
[White "Zorigt, Bayaraa"]
[Black "Panjwani, Raja"]
[Result "0-1"]
[WhiteElo "2196"]
[BlackElo "2213"]
[PlyCount "67"]
[EventDate "2007.03.10"]
[EventType "swiss"]
[EventRounds "9"]
[EventCountry "USA"]
[Source "ChessBase"]
[SourceDate "2011.11.26"]

{C67: Ruy Lopez: Berlin Defence: 4 0-0 Nxe4} 1. e4 e5 2. Nf3 Nc6 3. Bb5 Nf6 4.
O-O Nxe4 5. d4 Nd6 6. Bxc6 dxc6 7. dxe5 Nf5 8. Qe2 Nd4 9. Nxd4 Qxd4 {
last book move} 10. c3 {White threatens to win material: c3xd4} Bg4 {
Black threatens to win material: Bg4xe2} 11. Qe1 Qd3 12. Qe3 {
White threatens to win material: Qe3xd3} O-O-O 13. f3 Qxe3+ 14. Bxe3 Bf5 15.
Nd2 Rd3 {Black threatens to win material: Rd3xe3} 16. Kf2 a5 (16... Be7 17.
Rfd1 $15) 17. g4 {White threatens to win material: g4xf5} (17. Nb3 Rd5 18. f4
Rb5 $11) 17... Be6 $15 18. h3 (18. Ne4 Be7 $15) 18... h5 19. Ke2 Rd5 20. c4 Rd8
(20... Rxe5 21. f4 Rxe3+ 22. Kxe3 hxg4 23. f5 Rxh3+ 24. Kf4 $17) 21. f4 (21. b3
$142 $5 $11 {is an interesting idea}) 21... Bb4 $17 22. Rac1 (22. b3 $5 Bd7 23.
gxh5 Rxh5 24. Rg1 Rxh3 25. Nf3 $17) 22... hxg4 $19 23. f5 Rxh3 24. fxe6 Rxe3+
$1 {Annihilates a defender: e3} 25. Kxe3 {Decoy theme: e3} Bxd2+ {
A double attack} 26. Ke4 (26. Ke2 Bxc1 27. exf7 Rf8 28. Rxc1 Rxf7 $19) 26...
fxe6 27. Rcd1 (27. Rc3 Bxc3 28. bxc3 $19) 27... c5 28. Rf8 (28. Rxd2 {
hardly improves anything} Rxd2 29. Rf8+ Kd7 30. Rf7+ Kc6 $19) 28... Rxf8 29.
Rxd2 Rd8 (29... g5 {and Black can already relax} 30. b3 $19) 30. Rc2 (30. Rxd8+
{is not much help} Kxd8 31. Kf4 $19) 30... Kd7 (30... Rd4+ $142 {
might be the shorter path} 31. Ke3 $19) 31. Ke3 (31. Kf4 Kc6 32. Kxg4 Rd4+ 33.
Kh5 Re4 $19) 31... g5 (31... Kc6 $142 {makes it even easier for Black} 32. Rh2
Rd1 $19) 32. b3 $4 {but even a better move would not have saved the game} (32.
Rg2 $142 $19) 32... Rh8 (32... Rf8 $142 $19 {finishes off the opponent}) 33.
Rg2 Rh4 (33... Rh1 $5 34. Ke2 Ra1 35. Rxg4 Rxa2+ 36. Kd3 $19) 34. Kf2 0-1

[Event "US Masters"]
[Site "Hendersonville USA"]
[Date "2007.03.17"]
[Round "7"]
[White "Panjwani, Raja"]
[Black "Smith, Bryan"]
[Result "0-1"]
[WhiteElo "2213"]
[BlackElo "2444"]
[PlyCount "80"]
[EventDate "2007.03.10"]
[EventType "swiss"]
[EventRounds "9"]
[EventCountry "USA"]
[Source "ChessBase"]
[SourceDate "2011.11.26"]

{A43: Schmid Benoni} 1. e4 c5 2. Nf3 g6 3. d4 Bg7 4. d5 Nf6 5. Nc3 d6 6. Bb5+
Bd7 7. a4 O-O {last book move} 8. h3 Na6 9. Bxa6 bxa6 {
Black has the pair of bishops} 10. O-O e6 11. Re1 exd5 12. exd5 {
Black has a cramped position.} Rb8 13. Bf4 {
White threatens to win material: Bf4xd6} Bf5 {White has a very active position}
14. g4 {White threatens to win material: g4xf5} Bc8 {
Black has a cramped position} 15. Nd2 (15. Rb1 $142 $5 $11 {
might be a viable alternative}) 15... Rxb2 $17 16. Nc4 Rb4 17. Qd3 h5 {
Black threatens to win material: h5xg4} 18. Na2 $2 (18. Bg5 $142 $5 Qd7 19. f3
$17) 18... Rxa4 $19 19. Bxd6 (19. Rad1 hxg4 (19... Rxa2 $6 20. Qb3 $19) 20. Qb3
Qd7 $19) 19... Re8 20. Be5 (20. Bxc5 hxg4 21. Qb3 Qxd5 22. Rxe8+ Nxe8 23. Ne3
$19) 20... Qxd5 $4 {weakening the position.} (20... hxg4 $142 {and Black wins}
21. Rad1 gxh3 $19 (21... Rxa2 $143 22. hxg4 Bxg4 23. Rc1 $19)) 21. Bxf6 $17
Rxe1+ 22. Rxe1 Qxd3 (22... Qxc4 {fails to the following nice mate} 23. Qd8+ Kh7
24. Re8 Qxg4+ 25. hxg4 Rxg4+ 26. Kf1 g5 27. Bxg7 Kxg7 28. Rg8+ Kh7 29. Qf8 Rg1+
30. Kxg1 Be6 31. Qg7#) 23. Re8+ Kh7 24. cxd3 Bxf6 25. Rxc8 Rxa2 26. Rc7 Bd4 27.
Rxf7+ Kg8 28. Rxa7 hxg4 29. Kg2 (29. hxg4 $5 Rxf2 30. Kh1 $17) 29... Rxf2+ $19
(29... Bxf2 $6 30. hxg4 Bd4+ 31. Kf3 Rf2+ 32. Ke4 Re2+ 33. Kd5 $11) 30. Kg3
gxh3 31. Kxh3 Rf3+ 32. Kg4 Rxd3 33. Kg5 Rg3+ 34. Kh6 $6 {not the bravest move}
(34. Kf4 Rg1 35. Rxa6 $19) 34... Rg4 35. Rb7 (35. Re7 {does not help much} Bc3
36. Re8+ Kf7 37. Nd6+ Kf6 38. Ne4+ Rxe4 39. Rxe4 Kf5 $19) 35... Bc3 36. Rb8+
Kf7 37. Rb7+ Ke6 38. Rb6+ Kd7 39. Rb7+ (39. Nd6 {
doesn't change the outcome of the game} a5 $19) 39... Kc6 40. Rb6+ Kc7 (40...
Kc7 41. Rxa6 Rxc4 42. Kxg6 Rd4 $19) 0-1

[Event "US Masters"]
[Site "Hendersonville USA"]
[Date "2007.03.18"]
[Round "8"]
[White "Fouts, Matthew"]
[Black "Panjwani, Raja"]
[Result "0-1"]
[WhiteElo "2043"]
[BlackElo "2213"]
[PlyCount "74"]
[EventDate "2007.03.10"]
[EventType "swiss"]
[EventRounds "9"]
[EventCountry "USA"]
[Source "ChessBase"]
[SourceDate "2011.11.26"]

{C55: Two Knights: 4 d3, 4 d4 exd4 5 e5 and Max Lange Attack} 1. e4 e5 2. Bc4
Nf6 3. d3 Nc6 4. Nf3 h6 5. c3 d6 6. Bb3 g6 {last book move} 7. h3 Bg7 8. Be3
O-O 9. Nbd2 Kh8 (9... d5 10. O-O $11) 10. g4 $14 Nd7 11. Nf1 (11. g5 h5 $14)
11... Nc5 $11 12. Bxc5 dxc5 {Black has the pair of bishops} 13. Qe2 a5 (13...
Na5 14. Bc2 $11) 14. a4 $14 Qd6 15. Ne3 (15. g5 f6 16. gxh6 Bxh6 $16) 15... Nd8
16. O-O (16. Nc4 Qe7 17. g5 h5 $14) 16... Be6 17. Bc4 Bxc4 (17... Bd7 $5 $11)
18. Nxc4 $14 ({Weaker is} 18. dxc4 Ne6 $15) 18... Qe7 19. Qe3 Nc6 20. Kg2 b6
21. Nh2 (21. Rg1 $5 $14) 21... Nd8 $11 22. Qg3 (22. Nf3 $5 $11) 22... Ne6 $15
23. Nxe5 (23. Rfd1 Nf4+ 24. Kh1 Rad8 $15) 23... g5 $17 24. Nc4 Nf4+ 25. Kh1
Rad8 26. Rfd1 Rd7 (26... Nxd3 27. e5 Nf4 28. Nf3 $17) 27. Rd2 (27. Nf1 Rfd8 28.
f3 Qf6 $15) 27... Rfd8 28. Rad1 (28. Nf1 $5 $17) 28... Rxd3 $1 $19 {
a devastating blow.} 29. Rxd3 {Decoy theme: d3} (29. Qxd3 Nxd3) 29... Nxd3 30.
Rxd3 $2 (30. Kg1 $142 Nf4 31. Rxd8+ Qxd8 32. Qf3 $17) 30... Qxe4+ 31. Rf3 Rd1+
(31... Qxc4 $6 {is no comparison} 32. Qxc7 Rd1+ 33. Kg2 $11) 32. Kg2 Qe1 (32...
Qxc4 $6 {is much weaker} 33. Qxc7 Qe4 34. Qxf7 $11 (34. Qxb6 $143 Qb1 35. h4 h5
36. hxg5 Rg1+ 37. Kh3 hxg4+ 38. Nxg4 Qf1+ 39. Kh4 Rh1+ 40. Kg3 Rh3+ 41. Kf4
Qc4+ 42. Ke3 Qxg4 43. Rxh3+ Qxh3+ 44. Kd2 Qf5 $19)) 33. h4 Qh1+ 34. Kh3 Rg1 35.
Rxf7 (35. Qxg1 Qxg1 36. hxg5 hxg5 37. Rxf7 $19) 35... Rxg3+ 36. fxg3 (36. Kxg3
{cannot change what is in store for ?} Qd5 37. Rxg7 gxh4+ 38. Kh3 Kxg7 $19)
36... Qd5 37. Rxc7 (37. Rxg7 {cannot change destiny} Kxg7 38. Ne3 Qe4 39. Nf5+
Kg6 $19) 37... Qxc4 (37... Qxc4 38. hxg5 hxg5 $19) 0-1

[Event "US Masters"]
[Site "Hendersonville USA"]
[Date "2007.03.18"]
[Round "9"]
[White "Panjwani, Raja"]
[Black "Cao, Tony"]
[Result "1/2-1/2"]
[WhiteElo "2213"]
[BlackElo "2173"]
[PlyCount "39"]
[EventDate "2007.03.10"]
[EventType "swiss"]
[EventRounds "9"]
[EventCountry "USA"]
[Source "ChessBase"]
[SourceDate "2011.11.26"]

{B87: Sicilian Scheveningen/Najdorf: 6 Bc4, with early ...b5} 1. e4 c5 2. Nf3
d6 3. d4 cxd4 4. Nxd4 Nf6 5. Nc3 a6 6. Bc4 e6 7. Bb3 b5 8. O-O Be7 9. Qf3 Qb6 {
last book move} 10. Rd1 Nbd7 11. Qg3 {White threatens to win material: Qg3xg7}
b4 {Black threatens to win material: b4xc3} 12. Na4 {
White threatens to win material: Na4xb6} (12. Qxg7 $2 {
doesn't lead to anything significant} Rg8 13. Na4 Rxg7 14. Nxb6 Nxb6 $19) 12...
Qb7 13. f3 {Secures e4+g4} O-O 14. c3 bxc3 15. Nxc3 {
Black's piece can't move: c8.} Kh8 16. Ba4 {White has an active position} Nb8
17. Qf2 (17. Rb1 Bd7 $14) 17... Bd7 $11 18. Be3 Bxa4 19. Nxa4 Nbd7 20. Nc3
1/2-1/2

[Event "CAN-ch U20 2007"]
[Site "Toronto CAN"]
[Date "2007.01.05"]
[Round "4"]
[White "Gerzhoy, Leonid"]
[Black "Panjwani, Raja"]
[Result "1-0"]
[WhiteElo "2432"]
[BlackElo "2335"]
[PlyCount "99"]
[EventDate "2007.01.02"]
[EventType "swiss"]
[EventRounds "6"]
[EventCountry "CAN"]

1. Nf3 Nf6 2. c4 g6 3. Nc3 Bg7 4. e4 d6 5. d4 O-O 6. Be2 e5 7. O-O c6 8. d5 Na6
9. Bg5 h6 10. Bh4 g5 11. Bg3 Nc5 12. Nd2 a5 13. b3 Bd7 14. a3 cxd5 15. cxd5 b5
16. b4 axb4 17. axb4 Na4 18. Nxb5 Bxb5 19. Bxb5 Nc3 20. Rxa8 Qxa8 21. Bc6 Qa2
22. Qe1 Qc2 23. b5 h5 24. f3 Qd3 25. Bf2 Ne2+ 26. Kh1 Bh6 27. Nb1 h4 28. Qd1
Qc4 29. Na3 Qa2 30. Qc2 Qxa3 31. Qxe2 Nh5 32. b6 Nf4 33. Qe3 Qa6 34. Rd1 g4 35.
fxg4 Qa2 36. Qf3 Qc2 37. b7 Kh7 38. Bxh4 f5 39. gxf5 Nxg2 40. Bf2 Nf4 41. Rg1
Ne2 42. Re1 Nd4 43. Bxd4 exd4 44. Qg4 Qd2 45. Rg1 Qe3 46. f6 d3 47. f7 Bg5 48.
Qh5+ Bh6 49. Qg6+ Kh8 50. Qg8+ 1-0

[Event "CAN-ch U20 2007"]
[Site "Toronto CAN"]
[Date "2007.01.06"]
[Round "5"]
[White "Panjwani, Raja"]
[Black "Noritsyn, Nikolay"]
[Result "1-0"]
[WhiteElo "2335"]
[BlackElo "2443"]
[PlyCount "105"]
[EventDate "2007.01.02"]
[EventType "swiss"]
[EventRounds "6"]
[EventCountry "CAN"]

1. e4 c5 2. Nf3 Nc6 3. Bb5 d6 4. O-O Bd7 5. Re1 Nf6 6. h3 a6 7. Bf1 e5 8. c3
Be7 9. d4 O-O 10. d5 Nb8 11. Nxe5 dxe5 12. d6 Nc6 13. dxe7 Qxe7 14. Na3 Be6 15.
Qf3 Rfd8 16. Nc2 b5 17. Ne3 c4 18. g4 Nd7 19. Nd5 Qd6 20. b3 Na5 21. b4 Nc6 22.
Bg5 f6 23. Be3 Bxd5 24. exd5 Ne7 25. a4 Ng6 26. Qf5 Nh4 27. Qe6+ Qxe6 28. dxe6
Nf3+ 29. Kh1 Nxe1 30. Rxe1 Rac8 31. exd7 Rxd7 32. Ra1 g6 33. axb5 axb5 34. Ra5
Rd1 35. Kg2 f5 36. gxf5 gxf5 37. Rxb5 f4 38. Be2 Re1 39. Bg4 Ra8 40. Bd2 Rb1
41. Rxe5 Raa1 42. Bxf4 Kf7 43. Rc5 Rg1+ 44. Kf3 Ra3 45. Rxc4 Ra2 46. Rc7+ Kf6
47. Rc6+ Ke7 48. Bg5+ Ke8 49. Rc7 h5 50. Bxh5+ Kf8 51. Bh6+ Kg8 52. Bf7+ Kh8
53. Rc8+ 1-0